Nadobudnutie vlastníckeho práva vydržaním a jeho zápis v katastri nehnuteľností
Vymenovanie a bližšie objasnenie zákonných podmienok vydržania, ktoré musia byť splnené k tomu, aby nadobudnutie vlastníckeho práva vydržaním mohlo byť predmetom zápisu v katastri nehnuteľností.
Guardado en:
| Autor principal: | |
|---|---|
| Formato: | Capítulo de libro |
| Lenguaje: | eslovaco |
| Materias: | |
| Etiquetas: |
Sin Etiquetas, Sea el primero en etiquetar este registro!
|
MARC
| LEADER | 00000naa$a2200000$$$4500 | ||
|---|---|---|---|
| 001 | 0005162 | ||
| 005 | 20231106065751.4 | ||
| 041 | 0 | |a slo | |
| 044 | |a SK | ||
| 245 | 1 | 0 | |a Nadobudnutie vlastníckeho práva vydržaním a jeho zápis v katastri nehnuteľností |c aut. Oľga Kantorková |
| 520 | |a Vymenovanie a bližšie objasnenie zákonných podmienok vydržania, ktoré musia byť splnené k tomu, aby nadobudnutie vlastníckeho práva vydržaním mohlo byť predmetom zápisu v katastri nehnuteľností. | ||
| 610 | 2 | 0 | |a právo vlastnícke |
| 610 | 2 | 0 | |a úpravy právne |
| 610 | 2 | 0 | |a kataster nehnuteľností |
| 100 | 1 | |a Kantorková, Oľga | |